000 01298nam a22002657a 4500
005 20170124103049.0
010 _aB-027149
020 _c35.00
_a8123727437
035 _aB-027149
037 _bCen Lib/Ret
040 _aDPL
_bHN
082 _a
_bवन्धोपा
100 _aवन्धोपाध्याय, विभूति भूषण
_970122
245 _aआदर्श हिन्दू होटल /
_cविभूति भूषण वन्धोपाध्याय ; अन्वादक प्रफुल्ल चन्द्र ओझा
246 _aAadarsh hindu hotel
_bby Vibhuti Bhushan Banddhopdhyay ; anuvadak Prafullchandr ojha
260 _aनई दिल्ली
_bनेशनल बुक ट्रस्ट इंडिया
_c1976
270 _aए -5, ग्रीन पार्क
_bनई दिल्ली
_e110016
300 _a157पृष्ठ.
_c20सेमी(सजिल्द)
650 _aहिंदी साहित्य
_970123
650 _aहिंदी उपन्यास
_970124
650 _aHindi literature
_970125
650 _aHindi novel
_970126
700 _aओझा, प्रफुल्लचन्द्र
_970127
942 _2ddc
_cHN
_h
_mवन्धोपा
999 _c117111
_d117111